[Event "SWE-ch"]
[Site "Linkoping"]
[Date "2001.07.08"]
[Round "8"]
[White "Brynell, Stellan"]
[Black "Hector, Jonny"]
[Result "1-0"]
[WhiteElo "2489"]
[BlackElo "2546"]
[Annotator "White e4 - Spanish Exchange 1"]
[PlyCount "91"]
[EventDate "2001.06.30"]
[EventType "tourn"]
[EventRounds "13"]
[EventCountry "SWE"]
[EventCategory "8"]
[Source "ChessBase"]
[SourceDate "2001.11.13"]

1. e4 e5 2. Nf3 Nc6 3. Bb5 a6 4. Bxc6 dxc6 (4... bxc6 {Strong players almost
never play this, but since veteran GM Kuzmin played it twice in 2001, there
must be more to it than meets the eye.} 5. Nc3 (5. O-O d6 6. d4 f6 {White is up
a tempo on a major line of the Steinitz Deferred.  However, his extra tempo is
castling, but in that line he usually castles long, so as to attack Black's
structure by h4 later.}) 5... d6 (5... Bb4 {Suggested but d4 should favor White
} 6. d4) 6. d4 f6 (6... exd4 7. Qxd4 {White prepares to castle long}) 7. Be3
Rb8 {Other moves are better, but then White can play Qd2 or Qd3 and castle
long.  Regardless of whether Black plays ...g6 or ...Ng6 later, h4 will be
very annoying.  White's space and development more than offset the bishop pair.
} 8. dxe5 fxe5 (8... Rxb2 9. Nd4 {favors White}) 9. Nxe5 dxe5 10. Qh5+ Ke7 11.
Rd1 Bd7 12. Bc5+ Kf6 13. Bxf8 {White is winning}) 5. O-O Be7 6. Nxe5 Qd4 7. Qh5
Be6 8. d3 Nf6 9. Nf3 Qxe4 10. Qxf7+ Bxf7 11. dxe4 Nxe4 12. Re1 Bg6 13. Nbd2 Nf6
14. Nc4 Bxc2 15. Nd4 Bd3 16. Ne5 Be4 17. Ne6 Bd6 18. Bf4 Ke7 19. Ng5 Bxe5 20.
Bxe5 Bd5 21. Bxc7+ Kd7 22. Bb6 Rae8 23. a3 h6 24. Nh3 g5 25. Bd4 Rhf8 26. Rxe8
Nxe8 27. f3 Nc7 28. Re1 Ne6 29. Bc3 c5 30. Nf2 h5 31. Ne4 Bxe4 32. Rxe4 b5 33.
Kf2 h4 34. g3 hxg3+ 35. hxg3 Rf7 36. Ke3 Rh7 37. Rg4 Rh2 38. f4 gxf4+ 39. gxf4
Rh5 40. Ke4 Ke7 41. f5 Ng5+ 42. Kd5 Ne6 43. Ke5 Kf7 44. Rg6 Ng7 45. Rxa6 Nxf5
46. Rf6+ 1-0

[Event "Moscow Aeroflot op"]
[Site "Moscow"]
[Date "2002.02.06"]
[Round "3"]
[White "Zavgorodniy, Sergiy"]
[Black "Varavin, Viktor"]
[Result "1-0"]
[WhiteElo "2407"]
[BlackElo "2484"]
[Annotator "White e4 - Spanish Exchange 2"]
[PlyCount "69"]
[EventDate "2002.02.04"]
[EventType "swiss"]
[EventRounds "9"]
[EventCountry "RUS"]
[Source "ChessBase"]
[SourceDate "2002.03.21"]

1. e4 e5 2. Nf3 Nc6 3. Bb5 a6 4. Bxc6 dxc6 5. O-O Ne7 6. Nxe5 Qd4 7. Qh5 g6 8.
Qg5 Bg7 9. Nd3 f5 10. e5 Qg4 11. f4 Qxg5 12. fxg5 h6 13. gxh6 Rxh6 14. Re1 Kf7
15. Nf2 g5 16. d3 Rh5 17. Nd2 f4 18. g4 Rh8 19. Nf3 Kg6 20. Kg2 Be6 21. Bd2 c5
22. h3 b6 23. Ne4 Bh6 24. b3 Rad8 25. Rh1 Nc6 26. Bc3 a5 27. a4 Rhe8 28. Rae1
Re7 29. Kf2 Rf8 30. h4 Bxg4 31. hxg5 Bg7 32. Nh4+ Kf7 33. Nf6 Bc8 34. e6+ Rxe6
35. g6+ 1-0

[Event "YUG-chT 52nd playoff fin2"]
[Site "Novi Sad"]
[Date "2000.09.08"]
[Round "1"]
[White "Markovic, Miroslav"]
[Black "Gligoric, Svetozar"]
[Result "1/2-1/2"]
[WhiteElo "2558"]
[BlackElo "2490"]
[Annotator "White e4 - Spanish Exchange 3"]
[PlyCount "181"]
[EventDate "2000.08.24"]
[EventType "match"]
[EventRounds "2"]
[EventCountry "YUG"]
[Source "ChessBase"]
[SourceDate "2000.11.22"]
[WhiteTeam "Cacak"]
[BlackTeam "Milicionar"]
[WhiteTeamCountry "YUG"]
[BlackTeamCountry "YUG"]

1. e4 e5 2. Nf3 Nc6 3. Bb5 a6 4. Bxc6 dxc6 5. O-O Bd6 6. d4 exd4 7. Qxd4 f6 8.
Be3 Ne7 9. Nbd2 Be6 10. Rad1 O-O 11. Qc3 Qe8 12. Nc4 Rd8 13. Nd4 Bc8 14. Rfe1
Qf7 15. Qb3 Rfe8 16. Nxd6 cxd6 17. Ne2 Ng6 18. Qxf7+ Kxf7 19. Bb6 Rd7 20. Nc3
Ne5 21. b3 Kg8 22. f3 Nf7 23. Kf2 Rde7 24. g4 Be6 25. Rd2 Rc8 26. Red1 c5 27.
a4 Kf8 28. a5 Ree8 29. Ne2 Bd7 30. c4 Bc6 31. Nf4 Re5 32. h4 g6 33. Rxd6 Nxd6
34. Rxd6 Ke7 35. Rd2 Kf7 36. Nd3 Re7 37. Bxc5 Rd7 38. Ke3 Re8 39. Bd4 f5 40.
gxf5 gxf5 41. Nc5 Rd6 42. e5 Rh6 43. Rh2 Rg8 44. Kf4 Rhg6 45. Rh3 Ke7 46. Bf2
Rg2 47. Nd3 Rd8 48. Bc5+ Kf7 49. Bd6 Rd2 50. Nc5 R8xd6 51. exd6 Rxd6 52. Ke5
Rd1 53. Kxf5 Ra1 54. Ke5 Rxa5 55. Kd6 Ra1 56. f4 a5 57. Kc7 Rb1 58. Rh2 h5 59.
Ra2 a4 60. bxa4 Kf6 61. a5 Bh1 62. Rh2 Kf5 63. Rf2 Rc1 64. Rb2 Rxc4 65. Kb6
Rxf4 66. Nxb7 Rxh4 67. Rb5+ Kg6 68. a6 Ra4 69. Nc5 Rf4 70. a7 Rf6+ 71. Kc7 Rf7+
72. Nd7 Rf1 73. Ne5+ Kh6 74. Ra5 Ba8 75. Kd6 h4 76. Ke6 h3 77. Ra3 Rh1 78. Rd3
Ra1 79. Rxh3+ Kg7 80. Rg3+ Kh7 81. Nd7 Rxa7 82. Nf8+ Kh6 83. Kf6 Kh5 84. Ne6
Kh4 85. Rg1 Ra5 86. Nd4 Be4 87. Re1 Bd3 88. Re3 Bb1 89. Re2 Rd5 90. Nf3+ Kg3
91. Ne5 1/2-1/2

[Event "ITA-chT 34th 3pl"]
[Site "Treviso"]
[Date "2002.05.19"]
[Round "1"]
[White "Glek, Igor V"]
[Black "Tkachiev, Vladislav"]
[Result "1/2-1/2"]
[WhiteElo "2590"]
[BlackElo "2633"]
[Annotator "White e4 - Spanish Exchange 4"]
[PlyCount "87"]
[EventDate "2002.05.19"]
[EventType "team"]
[EventRounds "1"]
[EventCountry "ITA"]
[Source "ChessBase"]
[SourceDate "2003.11.25"]
[WhiteTeam "Palermo"]
[BlackTeam "Reggio Emilia"]
[WhiteTeamCountry "ITA"]
[BlackTeamCountry "ITA"]

1. e4 e5 2. Nf3 Nc6 3. Bb5 a6 4. Bxc6 dxc6 5. O-O Bg4 6. h3 h5 7. d3 Qf6 8.
Nbd2 Ne7 9. Nc4 Bxf3 10. Qxf3 Qxf3 11. gxf3 Ng6 12. Be3 f6 13. Rfd1 Bd6 14. Kf1
c5 15. c3 Rd8 16. a3 Kf7 17. b4 cxb4 18. axb4 c6 19. Bb6 Rd7 20. d4 Bc7 21.
dxe5 Rhd8 22. Rxd7+ Rxd7 23. Bxc7 Rxc7 24. exf6 Kxf6 25. Ra5 Rd7 26. Rf5+ Ke6
27. Rg5 Nf8 28. Ke2 g6 29. f4 Kf6 30. e5+ Ke6 31. Nd6 b6 32. Ke3 a5 33. bxa5
bxa5 34. Ke4 a4 35. f5+ gxf5+ 36. Rxf5 Nh7 37. Nc4 Rd5 38. Na3 Rc5 39. c4 h4
40. Kf4 Ra5 41. Nc2 Rc5 42. Na3 Ra5 43. Ke4 Rc5 44. Kf4 1/2-1/2

[Event "Cappelle op 18th"]
[Site "Cappelle la Grande"]
[Date "2002.02.16"]
[Round "8"]
[White "Nisipeanu, Liviu Dieter"]
[Black "Sofronie, Iulian"]
[Result "1-0"]
[WhiteElo "2608"]
[BlackElo "2458"]
[Annotator "White e4 - Spanish Exchange 5"]
[PlyCount "59"]
[EventDate "2002.02.09"]
[EventType "swiss"]
[EventRounds "9"]
[EventCountry "FRA"]
[Source "ChessBase"]
[SourceDate "2002.03.14"]
[WhiteTeamCountry "ITA"]
[BlackTeamCountry "ITA"]

1. e4 e5 2. Nf3 Nc6 3. Bb5 a6 4. Bxc6 dxc6 5. O-O Qd6 6. Na3 Be6 7. Qe2 f6 8.
Rd1 O-O-O 9. d4 Bg4 10. Be3 Qe6 11. dxe5 Rxd1+ 12. Qxd1 Bxa3 13. bxa3 fxe5 14.
Ng5 Bxd1 15. Nxe6 Bxc2 16. f3 b6 17. Rc1 Ba4 18. Nxg7 Ne7 19. Bg5 Ng6 20. h4 h6
21. h5 hxg5 22. hxg6 Rg8 23. Nf5 Kb7 24. g7 c5 25. Kf2 Bd7 26. Ke3 a5 27. Rh1
Bxf5 28. exf5 Rxg7 29. Ke4 Kc6 30. f6 1-0

[Event "Andorra op 21st"]
[Site "Andorra"]
[Date "2003.07.13"]
[Round "9"]
[White "Ibarra Jerez, Jose Carlos"]
[Black "Kuzmin, Alexey"]
[Result "0-1"]
[WhiteElo "2387"]
[BlackElo "2583"]
[Annotator "White e4 - Spanish Exchange 6"]
[PlyCount "106"]
[EventDate "2003.07.05"]
[EventType "swiss"]
[EventRounds "9"]
[EventCountry "AND"]
[Source "ChessBase"]
[SourceDate "2003.09.04"]
[WhiteTeamCountry "ITA"]
[BlackTeamCountry "ITA"]

1. e4 e5 2. Nf3 Nc6 3. Bb5 a6 4. Bxc6 dxc6 5. O-O Qd6 6. Na3 b5 7. c3 c5 8. Nc2
Ne7 9. a4 Bb7 10. axb5 axb5 11. Rxa8+ Bxa8 12. d4 cxd4 13. cxd4 Bxe4 14. Nxe5
f6 15. Nd3 Bxd3 16. Qxd3 c6 17. Bd2 Nd5 18. Ra1 Kf7 19. Ra8 g6 20. h4 Qd7 21.
Bh6 Bg7 22. Rxh8 Bxh8 23. Qa3 Bg7 24. Bxg7 Kxg7 25. Nb4 Nxb4 26. Qxb4 Kf7 27.
g3 Qd5 28. b3 Ke6 29. Qc3 Qe4 30. f3 Qd5 31. Qe3+ Kd7 32. Kf2 h5 33. Qd3 g5 34.
hxg5 fxg5 35. Kg1 Kc7 36. Qc3 Kb6 37. Kh2 Ka6 38. Qa1+ Kb7 39. Qc3 Kb6 40. Qe3
Ka5 41. Qc3+ Ka6 42. Qa1+ Kb7 43. Qc3 Qe6 44. Qd3 b4 45. Kg2 h4 46. gxh4 gxh4
47. Kf2 Kb6 48. Qe3 Qxe3+ 49. Kxe3 c5 50. dxc5+ Kxc5 51. Kf4 Kd4 52. Kg4 Ke3
53. f4 h3 0-1

[Event "Olomouc Inline Czechia Cup"]
[Site "Olomouc"]
[Date "2003.07.30"]
[Round "1"]
[White "Kasparov, Sergey"]
[Black "Thinius, Marco"]
[Result "1-0"]
[WhiteElo "2482"]
[BlackElo "2325"]
[Annotator "White e4 - Spanish Exchange 8"]
[PlyCount "151"]
[EventDate "2003.07.30"]
[EventType "tourn"]
[EventRounds "9"]
[EventCountry "CZE"]
[EventCategory "3"]
[Source "ChessBase"]
[SourceDate "2003.09.04"]
[WhiteTeamCountry "ITA"]
[BlackTeamCountry "ITA"]

1. e4 e5 2. Nf3 Nc6 3. Bb5 a6 4. Bxc6 dxc6 5. O-O f6 6. d4 Bg4 7. dxe5 Qxd1 8.
Rxd1 fxe5 9. Nbd2 O-O-O 10. Re1 Bd6 11. h3 Bh5 12. Nh4 Bf7 13. Nf5 Bb4 14. c3
Bf8 15. Nf3 Re8 16. Ng5 Bg6 17. g4 h6 18. Nh4 Bh5 19. Ngf3 Bf7 20. Be3 Nf6 21.
Nd2 Nd7 22. Nb3 b6 23. Rad1 a5 24. Ng2 a4 25. Nc1 Nc5 26. f3 h5 27. Kf2 Be6 28.
Kg3 Be7 29. Rh1 Ref8 30. Bxc5 h4+ 31. Kf2 Bxc5+ 32. Ne3 g6 33. Ke2 Rf7 34. Rhf1
Rhf8 35. a3 Bd6 36. Nd3 Kb7 37. Rf2 b5 38. Rc1 Bc4 39. Nxc4 bxc4 40. Ne1 Bc5
41. Rf1 Rd7 42. Rd1 Rfd8 43. Rxd7 Rxd7 44. Ng2 g5 45. Rd1 Kc8 46. Rxd7 Kxd7 47.
f4 exf4 48. Ne1 Be3 49. Nf3 Bc1 50. Ne5+ Kd6 51. Nxc4+ Kc5 52. e5 Kd5 53. Kf3
c5 54. Ke2 Ke6 55. Kd1 Be3 56. Kc2 Kd5 57. b3 axb3+ 58. Kxb3 Bg1 59. Kc2 f3 60.
Kd3 Bh2 61. Nd2 c4+ 62. Nxc4 f2 63. Ne3+ Kxe5 64. Ke2 Bg3 65. a4 Kd6 66. Nd1
Kc5 67. Nxf2 Bxf2 68. Kxf2 Kb6 69. Ke3 Ka5 70. Ke4 Kxa4 71. Kf5 Kb3 72. Kxg5
Kxc3 73. Kf5 c5 74. g5 c4 75. g6 Kb2 76. g7 1-0

[Event "Bayern-chI Bank Hofmann 6th"]
[Site "Bad Wiessee"]
[Date "2002.11.02"]
[Round "8"]
[White "Womacka, Mathias"]
[Black "Golod, Vitali"]
[Result "1-0"]
[WhiteElo "2484"]
[BlackElo "2523"]
[Annotator "White e4 - Spanish Exchange 9"]
[PlyCount "117"]
[EventDate "2002.10.26"]
[EventType "swiss"]
[EventRounds "9"]
[EventCountry "GER"]
[Source "ChessBase"]
[SourceDate "2002.11.25"]
[WhiteTeamCountry "ITA"]
[BlackTeamCountry "ITA"]

1. e4 e5 2. Nf3 Nc6 3. Bb5 a6 4. Bxc6 dxc6 5. O-O f6 6. d4 exd4 7. Nxd4 c5 8.
Nb3 Qxd1 9. Rxd1 Bg4 10. f3 Bd7 11. Bf4 O-O-O 12. Nc3 c4 13. Na5 Bc5+ 14. Kf1
b5 15. a4 Ne7 16. axb5 axb5 17. Bg3 Rhe8 18. b3 Bb4 19. Be1 cxb3 20. Nxb3 Kb8
21. Ne2 Bxe1 22. Kxe1 Be6 23. Ned4 Bxb3 24. cxb3 f5 25. Nxb5 fxe4 26. fxe4 Nd5
27. Ra4 c6 28. Rad4 cxb5 29. Kf2 Rxe4 30. Rxe4 Rf8+ 31. Kg3 Nc3 32. Rdd4 Nxe4+
33. Rxe4 Rc8 34. Kf4 Rc7 35. Re5 Rb7 36. b4 Ka7 37. Ke4 Kb6 38. Re6+ Ka7 39.
Kd5 Rf7 40. Kc6 Ka6 41. Kc5+ Kb7 42. Kxb5 Rf5+ 43. Kc4 Rg5 44. g3 h5 45. Re4
Kb6 46. Kd4 Kc6 47. Ke3 Rf5 48. Re6+ Kb5 49. Rg6 Kxb4 50. Rxg7 Kc4 51. Ke4 Rf2
52. h4 Rf8 53. Rg5 Rh8 54. Kf5 Rh6 55. Rg8 Ra6 56. Kg5 Kd5 57. Kxh5 Ra3 58. g4
Ke6 59. Rf8 1-0

[Event "Asia-chT"]
[Site "Shenyang"]
[Date "1999.10.14"]
[Round "6"]
[White "Iuldachev, Saidali"]
[Black "Peng Xiaomin"]
[Result "1/2-1/2"]
[WhiteElo "2491"]
[BlackElo "2574"]
[Annotator "White e4 - Spanish Exchange 10"]
[PlyCount "49"]
[EventDate "1999.10.10"]
[EventType "team"]
[EventRounds "9"]
[EventCountry "CHN"]
[Source "ChessBase"]
[SourceDate "1999.11.16"]
[WhiteTeamCountry "ITA"]
[BlackTeamCountry "ITA"]

1. e4 e5 2. Nf3 Nc6 3. Bb5 a6 4. Bxc6 dxc6 5. O-O f6 6. d4 exd4 7. Nxd4 c5 8.
Nb3 Qxd1 9. Rxd1 Bg4 (9... Be6 10. Bf4 c4 11. Na5 b6 12. Nc6 Bd7 13. Nd4 O-O-O
14. Nd2 {[Kaufman 2004] White has the edge because defending the pawn with 14..
.b5 permits an attack with 15 a4}) 10. f3 Be6 11. Be3 b6 12. a4 Kf7 (12... Ne7
13. Bf4 c4 (13... Nc6 14. Bxc7 c4 15. Nc1 Bc5+ 16. Kf1 {
[Kaufman 2004] Almost compensates for the pawn}) 14. Nd4 O-O-O 15. Nc3 Rxd4 16.
Rxd4 Ng6 17. Be3 Bc5 18. Rad1 {
[Kaufman 2004] White will retain king-side majority advantage.}) (12... Bd6 13.
a5 O-O-O 14. Nc3 Kb7 15. e5 Be7 (15... fxe5 16. axb6 cxb6 17. Ne4) 16. Rxd8
Bxd8 17. Ne4 Be7 18. Bxc5 Bxb3 19. Bxe7 Nxe7 20. cxb3 fxe5 21. axb6 cxb6 22.
Nd6+ Kc6 23. Nf7 {[Kaufman 2004] White wins a pawn}) 13. Bf4 {Kaufman, Larry:
'[Kaufman 2004] White usually plays a5, but deferring until needed is more
effective.'} Rc8 14. Nc3 c4 (14... Ne7 15. a5 c4 16. Nd4 b5 17. Bg3 {[Kaufman 2
004] White defers taking the bishop to protect Nc6.  When he does take it
he'll have his usual advantage (?)}) (14... g5 15. Bg3 h5 16. a5 c4 17. Nd4 h4
18. Bf2 b5 19. e5 fxe5 20. Nc6 Nf6 21. Nd8+ Rxd8 22. Rxd8 Bf5 23. Nxb5 {
[Kaufman 2004] White is winning}) 15. Nd4 Bc5 16. Kf1 Ne7 17. Nxe6 Kxe6 18. Bg3
g5 (18... Rhd8 19. Ne2 Kf7 20. Rxd8 Rxd8 21. Bxc7 Rd2 22. Rc1) 19. Bf2 Bxf2 20.
Kxf2 Rhd8 {Kaufman, Larry: '[Kaufman 2004] White should play to preserve the
kingside majority.'} 21. Ke3 f5 22. exf5+ Nxf5+ 23. Kf2 h6 24. Re1+ Kf7 25.
Rad1 1/2-1/2

[Event "Dos Hermanas-B"]
[Site "Dos Hermanas"]
[Date "2001.04.19"]
[Round "1"]
[White "Korneev, Oleg"]
[Black "Campora, Daniel Hugo"]
[Result "1/2-1/2"]
[WhiteElo "2572"]
[BlackElo "2503"]
[Annotator "White e4 - Spanish Offshoots 1 Steinitz"]
[PlyCount "142"]
[EventDate "2001.04.19"]
[EventType "tourn"]
[EventRounds "9"]
[EventCountry "ESP"]
[EventCategory "9"]
[Source "ChessBase"]
[SourceDate "2001.07.05"]
[WhiteTeamCountry "ITA"]
[BlackTeamCountry "ITA"]

1. e4 e5 2. Nf3 Nc6 3. Bb5 Nf6 4. O-O d6 5. d4 Bd7 6. Nc3 Be7 7. Re1 exd4 8.
Nxd4 O-O 9. Bxc6 bxc6 10. Qd3 Re8 11. b3 Bf8 12. Bb2 g6 13. Rad1 Bg7 14. h3 Qb8
15. Nf3 Qb7 16. e5 Bf5 17. Qc4 d5 18. Qh4 Nd7 19. Nd4 Rxe5 20. Rxe5 Nxe5 21.
Nxf5 gxf5 22. Qg5 Ng6 23. Qxf5 Qb4 24. Na4 Re8 25. Bxg7 Kxg7 26. g3 Re2 27. Kf1
Re4 28. c4 Re5 29. Qg4 Qd6 30. cxd5 h5 31. Qd4 Qxd5 32. Qxd5 cxd5 33. h4 c6 34.
Nc5 Re7 35. Nd3 Kf8 36. Rc1 Rc7 37. b4 Ke7 38. Re1+ Kd6 39. Re8 a5 40. a3 axb4
41. axb4 Ra7 42. f4 Ra3 43. Ke2 Ne7 44. Kd2 Nf5 45. Rd8+ Ke7 46. Rc8 Ra2+ 47.
Kc1 Kd7 48. Rf8 Ke7 49. Rc8 Nd4 50. Ne5 Rc2+ 51. Kd1 f6 52. Nf3 Rc4 53. Nxd4
Rxd4+ 54. Ke2 Kd7 55. Rb8 Rc4 56. Kf3 Rc3+ 57. Kf2 Rb3 58. Rf8 Ke6 59. Rc8 Rxb4
60. Rxc6+ Kf5 61. Rd6 d4 62. Kf3 Rb3+ 63. Kf2 Kg4 64. Rxf6 Rf3+ 65. Ke2 Rxg3
66. f5 Kxh4 67. Rd6 Re3+ 68. Kf2 Re4 69. Kf3 Rg4 70. f6 Kg5 71. f7 Rf4+ 1/2-1/2

[Event "Moscow Aeroflot op"]
[Site "Moscow"]
[Date "2002.02.05"]
[Round "2"]
[White "Geller, Jakov"]
[Black "Kuzmin, Gennadi P"]
[Result "1-0"]
[WhiteElo "2417"]
[BlackElo "2527"]
[Annotator "White e4 - Spanish Offshoots 4 Schliemann"]
[PlyCount "135"]
[EventDate "2002.02.04"]
[EventType "swiss"]
[EventRounds "9"]
[EventCountry "RUS"]
[Source "ChessBase"]
[SourceDate "2002.03.21"]
[WhiteTeamCountry "ITA"]
[BlackTeamCountry "ITA"]

1. e4 e5 2. Nf3 Nc6 3. Bb5 f5 4. d3 fxe4 5. dxe4 Nf6 6. O-O Bc5 7. Qe2 d6 8.
Qc4 Bb6 9. Nc3 Bd7 10. Ng5 Qe7 11. Nd5 Nxd5 12. exd5 Nd8 13. Bxd7+ Qxd7 14. Qe4
g6 15. a4 a5 16. Be3 O-O 17. Bxb6 cxb6 18. f4 Qf5 19. fxe5 Qxg5 20. Rxf8+ Kxf8
21. Rf1+ Kg8 22. e6 Qe7 23. c4 Rc8 24. b3 Rc7 25. Qd4 Nxe6 26. dxe6 Qxe6 27.
Qxb6 Re7 28. Qxa5 Qe3+ 29. Kh1 Kg7 30. Qd8 Rf7 31. Rxf7+ Kxf7 32. Qd7+ Kg8 33.
Qc8+ Kg7 34. Qd7+ Kg8 35. Qc8+ Kg7 36. Qxb7+ Kh6 37. h3 Qe1+ 38. Kh2 Qe5+ 39.
Kg1 Qe1+ 40. Kh2 Qe5+ 41. g3 Qb2+ 42. Qg2 Qxb3 43. Qd2+ Kg7 44. Qd4+ Kf7 45.
Qxd6 Qxa4 46. Qd5+ Ke7 47. Qe5+ Kf7 48. c5 Qc2+ 49. Kg1 Qd2 50. h4 Qc2 51. Qd5+
Kf6 52. c6 Qe2 53. c7 Qe1+ 54. Kh2 Qf2+ 55. Qg2 Qc5 56. Qf3+ Ke7 57. Qf4 Kd7
58. Qf7+ Kc8 59. Qg8+ Kxc7 60. Qxh7+ Kd8 61. Qxg6 Qf2+ 62. Kh3 Qf1+ 63. Kg4
Qe2+ 64. Kf5 Qf3+ 65. Ke6 Qc6+ 66. Kf7 Qe8+ 67. Kg7 Qe7+ 68. Qf7 1-0

[Event "Vidmar mem 15th"]
[Site "Terme Zrece"]
[Date "2003.08.20"]
[Round "3"]
[White "Borisek, Jure"]
[Black "Mitkov, Nikola"]
[Result "1-0"]
[WhiteElo "2443"]
[BlackElo "2552"]
[Annotator "White e4 - Spanish Offshoots 7 Berlin"]
[PlyCount "159"]
[EventDate "2003.08.17"]
[EventType "tourn"]
[EventRounds "9"]
[EventCountry "SLO"]
[EventCategory "12"]
[Source "ChessBase"]
[SourceDate "2003.11.11"]
[WhiteTeamCountry "ITA"]
[BlackTeamCountry "ITA"]

1. e4 e5 2. Nf3 Nc6 3. Bb5 Nf6 4. O-O Nxe4 5. Re1 Nd6 6. Nxe5 Be7 7. Bf1 Nxe5
8. Rxe5 O-O 9. Nc3 Bf6 10. Re1 b6 11. d4 Bb7 12. Bf4 Nf5 13. d5 d6 14. g3 Ne7
15. Bg2 Ng6 16. Be3 Re8 17. Qd2 Ne5 18. Ne4 Nc4 19. Nxf6+ Qxf6 20. Qd4 Nxe3 21.
Qxf6 gxf6 22. Rxe3 Rxe3 23. fxe3 Re8 24. Kf2 Kg7 25. Rd1 f5 26. Rd4 Kf6 27. Rf4
Kg6 28. c4 a5 29. Bf1 Bc8 30. Bd3 h6 31. Kf3 Kg5 32. b3 Bd7 33. Rd4 Re5 34. h4+
Kf6 35. Kf4 Re8 36. e4 Re5 37. Bc2 fxe4 38. Bxe4 Re8 39. Rd1 Rg8 40. Bf3 Re8
41. g4 Re5 42. a3 Re8 43. Rh1 Rg8 44. Ra1 Ra8 45. Be4 Rg8 46. Rg1 Rb8 47. Rc1
Rg8 48. Bf3 Ra8 49. Re1 Re8 50. Rh1 Ra8 51. Be4 Rg8 52. g5+ Kg7 53. h5 Re8 54.
Rg1 hxg5+ 55. Rxg5+ Kh6 56. Rg1 Re5 57. Rg8 Be8 58. b4 axb4 59. axb4 Re7 60.
Kf5 Re5+ 61. Kf6 Kxh5 62. Bf5 Kh4 63. c5 bxc5 64. bxc5 Bb5 65. cxd6 cxd6 66.
Rg4+ Kh5 67. Rg3 Bf1 68. Rg1 Bh3 69. Bxh3 Rxd5 70. Bf5 Rd4 71. Rh1+ Rh4 72. Rd1
Rf4 73. Rxd6 Rf2 74. Rd3 Rf4 75. Rg3 Rb4 76. Kxf7 Kh4 77. Rg1 Rb6 78. Be6 Ra6
79. Kf6 Ra4 80. Bf5 1-0

[Event "Elista ol (Men)"]
[Site "Elista"]
[Date "1998.10.05"]
[Round "7"]
[White "Magomedov, Magaram"]
[Black "Barua, Dibyendu"]
[Result "1-0"]
[WhiteElo "2540"]
[BlackElo "2540"]
[Annotator "White e4 - Russian 1"]
[PlyCount "115"]
[EventDate "1998.09.29"]
[EventType "team"]
[EventRounds "13"]
[EventCountry "RUS"]
[Source "ChessBase"]
[SourceDate "1998.11.06"]
[WhiteTeamCountry "ITA"]
[BlackTeamCountry "ITA"]

1. e4 e5 2. Nf3 Nf6 3. Nxe5 d6 4. Nf3 Nxe4 5. c4 c6 6. Nc3 Nxc3 7. dxc3 Be7 8.
Bf4 O-O 9. Be2 Re8 10. O-O Nd7 11. h3 Bf8 12. Re1 Nf6 13. Bd3 Rxe1+ 14. Qxe1 d5
15. Bg5 Be6 16. Rd1 h6 17. Bh4 Qe7 18. Qe2 Rd8 19. Re1 g5 20. Bg3 dxc4 21. Bxc4
Bxc4 22. Qxc4 Qc5 23. Qb3 Qb5 24. Qxb5 cxb5 25. Be5 Bg7 26. Nd4 b4 27. Nf5 bxc3
28. Bxc3 Rd7 29. Nxh6+ Bxh6 30. Bxf6 Kh7 31. Re7 Rd1+ 32. Kh2 Kg6 33. Bc3 Bf8
34. Re1 Rd5 35. g3 b5 36. Re5 Rxe5 37. Bxe5 Kf5 38. Bd4 a5 39. Kg2 Be7 40. Kf3
a4 41. g4+ Ke6 42. Ke4 Bd6 43. Be3 Be7 44. f4 f6 45. Bd2 Bd8 46. b3 axb3 47.
axb3 gxf4 48. Bxf4 Ba5 49. h4 Bc3 50. h5 Bb2 51. Be3 Bc3 52. Bd4 Bd2 53. Be3
Bc3 54. h6 Kf7 55. Kf5 Bb2 56. Bd2 Ba1 57. b4 Bb2 58. Ke4 1-0

[Event "Bad Woerishofen op 11th"]
[Site "Bad Woerishofen"]
[Date "1995.??.??"]
[Round "7"]
[White "Kupreichik, Viktor D"]
[Black "Howell, James C"]
[Result "1/2-1/2"]
[WhiteElo "2500"]
[BlackElo "2520"]
[Annotator "White e4 - Russian 3"]
[PlyCount "105"]
[EventDate "1995.03.??"]
[EventType "swiss"]
[EventRounds "9"]
[EventCountry "GER"]
[Source "ChessBase"]
[SourceDate "2004.01.01"]
[WhiteTeamCountry "ITA"]
[BlackTeamCountry "ITA"]

1. e4 e5 2. Nf3 Nf6 3. Nxe5 d6 4. Nf3 Nxe4 5. c4 Be7 6. d4 O-O 7. Bd3 Ng5 8.
Nxg5 Bxg5 9. Qh5 Re8+ 10. Kd1 h6 11. Bxg5 Qxg5 12. Qxg5 hxg5 13. Nc3 Bd7 14. h4
g4 15. Nd5 Na6 16. Kd2 c6 17. Ne3 c5 18. d5 Re5 19. Rhe1 Nc7 20. Nf1 Rae8 21.
Ng3 f5 22. Rxe5 Rxe5 23. Re1 Rxe1 24. Kxe1 g6 25. h5 Kg7 26. Ke2 Ne8 27. Ke3
Kh6 28. hxg6 Kxg6 29. Kf4 Ng7 30. a3 Kf6 31. Bc2 Kg6 32. Bb1 Kf6 33. Bd3 Kg6
34. Bc2 Kf6 35. Bd1 Kg6 36. f3 gxf3 37. Bxf3 Kf6 38. Bd1 Kg6 39. Nf1 Kf6 40.
Nd2 Be8 41. Nb1 Bh5 42. Bf3 Bxf3 43. gxf3 Nh5+ 44. Ke3 Ke5 45. Nc3 a6 46. Ne2
f4+ 47. Kd3 Ng3 48. Nc3 Nf5 49. b4 cxb4 50. axb4 Nd4 51. c5 dxc5 52. bxc5 Nxf3
53. c6 1/2-1/2

[Event "Bled ol (Men)"]
[Site "Bled"]
[Date "2002.11.02"]
[Round "8.2"]
[White "Iordachescu, Viorel"]
[Black "Pavasovic, Dusko"]
[Result "1-0"]
[WhiteElo "2567"]
[BlackElo "2581"]
[Annotator "White e4 - Russian 4"]
[PlyCount "105"]
[EventDate "2002.10.26"]
[EventType "team"]
[EventRounds "14"]
[EventCountry "SLO"]
[Source "ChessBase"]
[SourceDate "2002.11.25"]
[WhiteTeam "MDA"]
[BlackTeam "SLO A"]
[WhiteTeamCountry "MDA"]
[BlackTeamCountry "SLO"]

1. e4 e5 2. Nf3 Nf6 3. Nxe5 d6 4. Nf3 Nxe4 5. c4 Nc6 6. Nc3 Nxc3 7. dxc3 Be7 8.
Bd3 Bg4 9. Be3 Bxf3 10. gxf3 Ne5 11. Be2 Ng6 12. Rg1 O-O 13. f4 Re8 14. Qd2 Nh4
15. O-O-O Nf5 16. Bd3 Nxe3 17. fxe3 Bf8 18. Rg3 Qf6 19. Rdg1 Re7 20. Rh3 g6 21.
Kc2 Rae8 22. Rhg3 c6 23. Qf2 Bg7 24. Rf3 Bh6 25. h4 Kh8 26. h5 Rg8 27. hxg6
fxg6 28. Rh3 Bf8 29. Rg4 Rgg7 30. Qg1 Kg8 31. e4 a6 32. a4 Qf7 33. Qd4 Qe6 34.
Rhg3 Ref7 35. a5 Qd7 36. f5 gxf5 37. exf5 Qd8 38. Rxg7+ Bxg7 39. Qe4 Qf6 40.
Qe8+ Rf8 41. Qd7 Qe5 42. Rg2 h5 43. Rg6 Rf7 44. Qc8+ Rf8 45. Qxb7 Rf7 46. Qc8+
Rf8 47. Qd7 Rf7 48. Qxc6 h4 49. Re6 Qg3 50. Re8+ Bf8 51. c5 Qf2+ 52. Kb3 dxc5
53. Qg6+ 1-0

[Event "Cappelle"]
[Site "Cappelle la Grande"]
[Date "1994.??.??"]
[Round "4"]
[White "Relange, Eloi"]
[Black "Bauer, Christian"]
[Result "1-0"]
[WhiteElo "2445"]
[BlackElo "2420"]
[Annotator "White e4 - Philidor 1 - Latvian/Elephant Gamb"]
[PlyCount "45"]
[EventDate "1994.07.??"]
[EventType "tourn"]
[EventRounds "9"]
[EventCountry "FRA"]
[EventCategory "10"]
[Source "ChessBase"]
[SourceDate "2004.01.01"]
[WhiteTeamCountry "MDA"]
[BlackTeamCountry "SLO"]

1. e4 e5 2. Nf3 f5 3. Nxe5 Qf6 4. d4 d6 5. Nc4 fxe4 6. Be2 Qf7 7. Nc3 Bf5 8.
O-O Nf6 9. f3 exf3 10. Rxf3 Bg6 11. Bg5 Be7 12. Ne3 c6 13. Bc4 d5 14. Ncxd5
cxd5 15. Nxd5 Qxd5 16. Bxd5 Nxd5 17. Bxe7 Nxe7 18. Qe1 Kd8 19. Qh4 Nd7 20. Re1
Re8 21. d5 Nf6 22. Rxf6 gxf6 23. Qxf6 1-0